000 00817nam a2200217 a 4500
003 0
005 20250529162305.0
008 021129s19uu xx 00 eng d
050 _aPGS HF 5415.32
_b.J38 2000
100 _aJarvis, Charles James Santiago.
245 _aA comparative study on cellular phones: need or want /
_cCharles James Santiago Jarvis.
260 _aLas PiƱas City, Philippines :
_bSouthville International School and Colleges,
_c2000.
300 _a64 pages :
_bcolored illustrations ;
_c28 cm.
504 _aIncludes bibliographical references.
650 _aCell phones
_vPsychological aspects.
650 _aCell phones
_v Social aspects.
650 _aConsumer behavior.
650 _aNeeds assessment.
650 _aMobile communication systems
_vSocial aspects.
942 _2lcc
_cPASS
999 _c96422
_d96422